01002naa a22002297i 4500001000700000003000900007005001700016008004100033040001300074100002500087245031300112500002100425504002900446650002600475650002400501650002700525650002300552650001600575651001300591700004200604773012600646232511ES-MaBCM20260303170907.0260226s2026 sp ||||| ||||o00| 0 spa d cES-MaBCM1 aBellido Venegas, Eva10aCuidadoras de personas dependientes en España :bdesigualdades, invisibilidad social y consecuencias físicas y mentales = Carers of dependent individuals in Spain : inequalities, social invisibility, and physical and psychological consequencescEva M.ª Bellido Venegas, M.ª Violante Martínez Quintana aContiene cuadros aBibliografía: p. 16-19 7aPersonal de servicios 7aMujer en el trabajo 7aCondición de trabajo 7aDesigualdad social 0aDependencia 4aEspaña1 aMartínez Quintana, María Violante0 dMadridgN. 193 (en.-marzo 2026), p. 3-20 - Loc. S.031tREIS revista española de investigaciones sociológicasw104569